<?xml version="1.0" encoding="UTF-8"?><?xml-stylesheet type="text/xsl" href="static/style.xsl"?><OAI-PMH xmlns="http://www.openarchives.org/OAI/2.0/" xmlns:xsi="http://www.w3.org/2001/XMLSchema-instance" xsi:schemaLocation="http://www.openarchives.org/OAI/2.0/ http://www.openarchives.org/OAI/2.0/OAI-PMH.xsd"><responseDate>2026-06-02T06:07:17Z</responseDate><request verb="GetRecord" identifier="oai:riuma.uma.es:10630/32255" metadataPrefix="marc">https://riuma.uma.es/rest/oai/request</request><GetRecord><record><header><identifier>oai:riuma.uma.es:10630/32255</identifier><datestamp>2026-03-13T07:31:30Z</datestamp><setSpec>com_10630_2254</setSpec><setSpec>col_10630_37953</setSpec></header><metadata><record xmlns="http://www.loc.gov/MARC21/slim" xmlns:dcterms="http://purl.org/dc/terms/" xmlns:doc="http://www.lyncode.com/xoai" xmlns:xsi="http://www.w3.org/2001/XMLSchema-instance" xsi:schemaLocation="http://www.loc.gov/MARC21/slim http://www.loc.gov/standards/marcxml/schema/MARC21slim.xsd">
   <leader>00925njm 22002777a 4500</leader>
   <datafield ind2=" " ind1=" " tag="042">
      <subfield code="a">dc</subfield>
   </datafield>
   <datafield ind2=" " ind1=" " tag="720">
      <subfield code="a">Lloréns Gómez, Juan Bautista</subfield>
      <subfield code="e">author</subfield>
   </datafield>
   <datafield ind2=" " ind1=" " tag="720">
      <subfield code="a">Madrid-Vivar, Dolores</subfield>
      <subfield code="e">author</subfield>
   </datafield>
   <datafield ind2=" " ind1=" " tag="720">
      <subfield code="a">Díaz-Olaya, Ana María</subfield>
      <subfield code="e">author</subfield>
   </datafield>
   <datafield ind2=" " ind1=" " tag="260">
      <subfield code="c">2024</subfield>
   </datafield>
   <datafield ind2=" " ind1=" " tag="520">
      <subfield code="a">The social and functional diversity of public educational centres  requires continuous assessment of the school organisation and &#xd;
searching for effective methods that generate new forms of communication between students. This case study aimed to evaluate an  inclusive dance programme involving group activities included four public early childhood education centres in Spain from the public network where the Barenboim-Said Public Foundation (BSPF) implemented the Children’s Musical Education Project. The methodology used was based on a group interview and the formation of four discussion groups of a total of 15 preschool teachers and four BSPF specialists. The results correspond to the analysis and categorisation of the data collected and recorded in notebooks by teachers during fieldwork. These provide information on external and internal factors that improve student – student interactions and cooperative skills in the classroom and establish an ideal framework for using approaches involving physical contact, movement, and music by preschool teachers.</subfield>
   </datafield>
   <datafield ind1="8" ind2=" " tag="024">
      <subfield code="a">Llorens Gómez, J. B., Madrid Vivar, D., &amp; Díaz Olaya, A. M. (2024). Improving student–student interactions in early childhood classrooms using inclusive dance activities. Research in Dance Education, 1–14.</subfield>
   </datafield>
   <datafield ind1="8" ind2=" " tag="024">
      <subfield code="a">https://hdl.handle.net/10630/32255</subfield>
   </datafield>
   <datafield ind1="8" ind2=" " tag="024">
      <subfield code="a">10.1080/14647893.2024.2371908</subfield>
   </datafield>
   <datafield tag="653" ind2=" " ind1=" ">
      <subfield code="a">Investigación activa en educación</subfield>
   </datafield>
   <datafield tag="653" ind2=" " ind1=" ">
      <subfield code="a">Niños - Danza - Estudio y enseñanza</subfield>
   </datafield>
   <datafield ind2="0" ind1="0" tag="245">
      <subfield code="a">Improving student–student interactions in early childhood classrooms using inclusive dance activities.</subfield>
   </datafield>
</record>
</metadata></record></GetRecord></OAI-PMH>